How to train your dragon a hero's guide to deadly dragons / (Record no. 4454)

MARC details
000 -LEADER
fixed length control field 01343nam a22002657a 4500
001 - CONTROL NUMBER
control field 4454
003 - CONTROL NUMBER IDENTIFIER
control field FISKH
005 - DATE AND TIME OF LATEST TRANSACTION
control field 20240910145142.0
008 - FIXED-LENGTH DATA ELEMENTS--GENERAL INFORMATION
fixed length control field 240910b cb ||||| |||| 00| 0 eng d
020 ## - INTERNATIONAL STANDARD BOOK NUMBER
International Standard Book Number 9780340999134
040 ## - CATALOGING SOURCE
Original cataloging agency FISKH
Language of cataloging eng
Transcribing agency FISKH
Modifying agency FISKH
050 ## - LIBRARY OF CONGRESS CALL NUMBER
Classification number PZ7.C83535
082 ## - DEWEY DECIMAL CLASSIFICATION NUMBER
Edition number 823.92
100 ## - MAIN ENTRY--PERSONAL NAME
Personal name Cowell, Cressida
Dates associated with a name 1966-
245 ## - TITLE STATEMENT
Title How to train your dragon a hero's guide to deadly dragons /
Statement of responsibility, etc. Written and illustrated by Cressida Cowell
250 ## - EDITION STATEMENT
Edition statement This edition published in 2010
260 ## - PUBLICATION, DISTRIBUTION, ETC.
Place of publication, distribution, etc. London :
Name of publisher, distributor, etc. Hodder Children's Books,
Date of publication, distribution, etc. 2007.
300 ## - PHYSICAL DESCRIPTION
Extent 271 pages :
Other physical details illustrations ;
Dimensions 20 cm
520 ## - SUMMARY, ETC.
Summary, etc. It's Hiccup's birthday, but that's not going to keep him from getting into trouble. To save his dragon, Toothless, from being banished, Hiccup must sneak into the Meathead Public Library and steal the Viking's most sacred book. But the Vikings see books as a dangerous influence, and keep them locked up and under heavy guard. To save his friend, Hiccup must brave the Hairy Scary Librarian and his dreadful army of Meathead Warriors and face off against the formidable Driller-Dragons. Will he make it out and live to see his next birthday?
650 ## - SUBJECT ADDED ENTRY--TOPICAL TERM
Source of heading or term Fiction
Topical term or geographic name entry element Dragons
Form subdivision Vikings
650 ## - SUBJECT ADDED ENTRY--TOPICAL TERM
Source of heading or term Adventure
Topical term or geographic name entry element Chapter book
700 ## - ADDED ENTRY--PERSONAL NAME
Personal name Cowell, Cressida
Dates associated with a name Illustrator
942 ## - ADDED ENTRY ELEMENTS (KOHA)
Source of classification or shelving scheme Dewey Decimal Classification
Koha item type Books
Suppress in OPAC No
Holdings
Withdrawn status Lost status Source of classification or shelving scheme Damaged status Not for loan Collection Home library Current library Shelving location Date acquired Total Checkouts Full call number Barcode Date last seen Date last checked out Copy number Price effective from Koha item type
    Dewey Decimal Classification     Juvenile Fiction Footprints International School Library Network Toul Tom Poung Campus Footprints International School Library Network Toul Kork Campus TTP Secondary Fiction Bookshelves 09/10/2024 3 COW 823.92 PZ7.C83535 2024-1905 03/11/2026 02/05/2026 1 09/10/2024 Books